Principles of immunogenetics (Record no. 394954)

MARC details
000 -LEADER
fixed length control field 00499 a2200205 4500
005 - DATE & TIME
control field 20260204150019.0
008 - FIXED-LENGTH DATA ELEMENTS--GENERAL INFORMATION
fixed length control field 260204b |||||||| |||| 00| 0 eng d
020 ## - ISBN
International Standard Book Number 9798898485856
Price $ 155.00
040 ## - CATALOGING SOURCE
Original cataloging agency VIVEKANANDA LIBRARY
082 ## - DDC NUMBER
Classification number 571.9648
Book Number K747P
100 ## - MAIN ENTRY--PERSONAL NAME
Personal name Knight, Rook
245 ## - TITLE STATEMENT
Title Principles of immunogenetics
260 ## - PUBLICATION, DISTRIBUTION, ETC. (IMPRINT)
Name of publisher, distributor, etc Cell Publishing
Date of publication, distribution, etc 2026
Place of publication, distribution, etc Wyoming
300 ## - PHYSICAL DESCRIPTION
Pages 254
650 ## - Subject
Subject Biology
650 ## - Subject
Subject Immunology
650 ## - Subject
Subject Physiology
650 ## - Subject
Subject Pathology
942 ## - ADDED ENTRY ELEMENTS (KOHA)
Koha item type Books
Holdings
Withdrawn status Lost status Source of classification or shelving scheme Damaged status Not for loan Location (home branch) Sublocation or collection (holding branch) Shelving location Date acquired Koha issues (times borrowed) Koha full call number Accession No. Koha date last seen Koha item type
    Dewey Decimal Classification     VIVEKANANDA LIBRARY VIVEKANANDA LIBRARY Vivekananda Library 05/01/2026   571.9648 K747P 444222 05/01/2026 Books
© Designed and Maintained by Vivekananda Library, MDU Rohtak